000 01093nam a2200277Ia 4500
001 ebr10182186
003 CaPaEBR
006 m u
007 cr cn|||||||||
008 060822s2006 ne sb 000 0 eng d
020 _z9789056294519
040 _aCaPaEBR
_cCaPaEBR
035 _a(OCoLC)232160239
050 1 4 _aT14.5
_b.J47 2006eb
100 1 _aJesshope, C. R.
245 1 0 _aMicroprocessor and peak oil
_h[electronic resource] :
_bdiscontinuities in our civilisation /
_cC.R. Jesshope.
260 _aAmsterdam :
_bAmsterdam University Press,
_cc2006.
300 _a23 p.
504 _aIncludes bibliographical references.
533 _aElectronic reproduction.
_bPalo Alto, Calif. :
_cebrary,
_d2009.
_nAvailable via World Wide Web.
_nAccess may be limited to ebrary affiliated libraries.
650 0 _aTechnology
_xSocial aspects.
650 0 _aComputer engineering.
655 7 _aElectronic books.
_2local
710 2 _aebrary, Inc.
856 4 0 _uhttp://site.ebrary.com/lib/rucke/Doc?id=10182186
_zAn electronic book accessible through the World Wide Web; click to view
999 _c142610
_d142610